<?xml version="1.0" encoding="UTF-8"?>
<record
    xmlns:xsi="http://www.w3.org/2001/XMLSchema-instance"
    xsi:schemaLocation="http://www.loc.gov/MARC21/slim http://www.loc.gov/standards/marcxml/schema/MARC21slim.xsd"
    xmlns="http://www.loc.gov/MARC21/slim">

  <leader>01121nam a22002057a 4500</leader>
  <datafield tag="999" ind1=" " ind2=" ">
    <subfield code="c">59383</subfield>
    <subfield code="d">59383</subfield>
  </datafield>
  <controlfield tag="003">Ge_BSU</controlfield>
  <controlfield tag="005">20230202112039.0</controlfield>
  <controlfield tag="008">230202s2000    ge ||||| |||| 00| 0 geo d</controlfield>
  <datafield tag="041" ind1=" " ind2=" ">
    <subfield code="a">geo</subfield>
  </datafield>
  <datafield tag="080" ind1=" " ind2=" ">
    <subfield code="a">349.41(479.22)(094.1)+332.32.025.88(479.22) &#x10DC;-86</subfield>
  </datafield>
  <datafield tag="245" ind1=" " ind2=" ">
    <subfield code="a">&#x10DC;&#x10DD;&#x10E0;&#x10DB;&#x10D0;&#x10E2;&#x10D8;&#x10E3;&#x10DA;&#x10D8; &#x10D0;&#x10E5;&#x10E2;&#x10D4;&#x10D1;&#x10D8;&#x10E1; &#x10D9;&#x10E0;&#x10D4;&#x10D1;&#x10E3;&#x10DA;&#x10D8; &#x10DB;&#x10D8;&#x10EC;&#x10D8;&#x10E1; &#x10D9;&#x10D0;&#x10DC;&#x10DD;&#x10DC;&#x10DB;&#x10D3;&#x10D4;&#x10D1;&#x10DA;&#x10DD;&#x10D1;&#x10D8;&#x10E1;&#x10D0; &#x10D3;&#x10D0; &#x10DE;&#x10E0;&#x10D8;&#x10D5;&#x10D0;&#x10E2;&#x10D8;&#x10D6;&#x10D0;&#x10EA;&#x10D8;&#x10D8;&#x10E1; &#x10E8;&#x10D4;&#x10E1;&#x10D0;&#x10EE;&#x10D4;&#x10D1; /</subfield>
    <subfield code="c"> &#x10E1;&#x10D0;&#x10E5;. &#x10D0;&#x10EE;&#x10D0;&#x10DA;&#x10D2;. &#x10D8;&#x10E3;&#x10E0;&#x10D8;&#x10E1;&#x10E2;&#x10D7;&#x10D0; &#x10D0;&#x10E1;&#x10DD;&#x10EA;&#x10D8;&#x10D0;&#x10EA;&#x10D8;&#x10D0;.</subfield>
  </datafield>
  <datafield tag="264" ind1=" " ind2=" ">
    <subfield code="a">&#x10D7;&#x10D1;&#x10D8;&#x10DA;&#x10D8;&#x10E1;&#x10D8; :</subfield>
    <subfield code="b"> &#x10E1;&#x10D0;&#x10D8;&#x10D0;, </subfield>
    <subfield code="c">2000.</subfield>
  </datafield>
  <datafield tag="300" ind1=" " ind2=" ">
    <subfield code="a">136 &#x10D2;&#x10D5;. ; </subfield>
    <subfield code="b">21 &#x10E1;&#x10DB;.</subfield>
  </datafield>
  <datafield tag="653" ind1=" " ind2=" ">
    <subfield code="a">&#x10E1;&#x10D0;&#x10E5;&#x10D0;&#x10E0;&#x10D7;&#x10D5;&#x10D4;&#x10DA;&#x10DD;&#x10E1; &#x10DB;&#x10D8;&#x10EC;&#x10D8;&#x10E1; &#x10D9;&#x10D0;&#x10DC;&#x10DD;&#x10DC;&#x10DB;&#x10D3;&#x10D4;&#x10D1;&#x10DA;&#x10DD;&#x10D1;&#x10D0;</subfield>
  </datafield>
  <datafield tag="653" ind1=" " ind2=" ">
    <subfield code="a">&#x10DB;&#x10D8;&#x10EC;&#x10D8;&#x10E1; &#x10DE;&#x10E0;&#x10D8;&#x10D5;&#x10D0;&#x10E2;&#x10D8;&#x10D6;&#x10D0;&#x10EA;&#x10D8;&#x10D0; &#x10E1;&#x10D0;&#x10E5;&#x10D0;&#x10E0;&#x10D7;&#x10D5;&#x10D4;&#x10DA;&#x10DD;&#x10E8;&#x10D8;</subfield>
  </datafield>
  <datafield tag="653" ind1=" " ind2=" ">
    <subfield code="a">&#x10DB;&#x10D8;&#x10EC;&#x10D8;&#x10E1; &#x10E0;&#x10D4;&#x10D2;&#x10D8;&#x10E1;&#x10E2;&#x10E0;&#x10D0;&#x10EA;&#x10D8;&#x10D0;</subfield>
  </datafield>
  <datafield tag="653" ind1=" " ind2=" ">
    <subfield code="a">&#x10DB;&#x10D8;&#x10EC;&#x10D8;&#x10E1; &#x10D2;&#x10D0;&#x10D3;&#x10D0;&#x10E1;&#x10D0;&#x10EE;&#x10D0;&#x10D3;&#x10D8;</subfield>
  </datafield>
  <datafield tag="653" ind1=" " ind2=" ">
    <subfield code="a">&#x10E1;&#x10D0;&#x10E1;&#x10DD;&#x10E4;&#x10DA;&#x10DD;-&#x10E1;&#x10D0;&#x10DB;&#x10D4;&#x10E3;&#x10E0;&#x10DC;&#x10D4;&#x10DD; &#x10DB;&#x10D8;&#x10EC;&#x10D8;&#x10E1; &#x10D8;&#x10EF;&#x10D0;&#x10E0;&#x10D0;</subfield>
  </datafield>
  <datafield tag="942" ind1=" " ind2=" ">
    <subfield code="2">udc</subfield>
    <subfield code="c">BK</subfield>
  </datafield>
  <datafield tag="952" ind1=" " ind2=" ">
    <subfield code="0">0</subfield>
    <subfield code="1">0</subfield>
    <subfield code="2">udc</subfield>
    <subfield code="4">0</subfield>
    <subfield code="6">34941479220941332320258847922_&#x10DC;86</subfield>
    <subfield code="7">0</subfield>
    <subfield code="9">93594</subfield>
    <subfield code="a">CPL</subfield>
    <subfield code="b">CPL</subfield>
    <subfield code="c">GEN</subfield>
    <subfield code="d">2023-02-02</subfield>
    <subfield code="g">5.00</subfield>
    <subfield code="o">349.41(479.22)(094.1)+332.32.025.88(479.22) &#x10DC;-86</subfield>
    <subfield code="p">63619</subfield>
    <subfield code="r">2023-02-02</subfield>
    <subfield code="t">63619</subfield>
    <subfield code="w">2023-02-02</subfield>
    <subfield code="y">BK</subfield>
    <subfield code="z">5 &#x10DA;.</subfield>
  </datafield>
  <datafield tag="952" ind1=" " ind2=" ">
    <subfield code="0">0</subfield>
    <subfield code="1">0</subfield>
    <subfield code="2">udc</subfield>
    <subfield code="4">0</subfield>
    <subfield code="6">34941479220941332320258847922_&#x10DC;86</subfield>
    <subfield code="7">0</subfield>
    <subfield code="9">93595</subfield>
    <subfield code="a">CPL</subfield>
    <subfield code="b">CPL</subfield>
    <subfield code="c">GEN</subfield>
    <subfield code="d">2023-02-02</subfield>
    <subfield code="g">5.00</subfield>
    <subfield code="o">349.41(479.22)(094.1)+332.32.025.88(479.22) &#x10DC;-86</subfield>
    <subfield code="p">63620</subfield>
    <subfield code="r">2023-02-02</subfield>
    <subfield code="t">63620</subfield>
    <subfield code="w">2023-02-02</subfield>
    <subfield code="y">BK</subfield>
    <subfield code="z">5 &#x10DA;.</subfield>
  </datafield>
  <datafield tag="952" ind1=" " ind2=" ">
    <subfield code="0">0</subfield>
    <subfield code="1">0</subfield>
    <subfield code="2">udc</subfield>
    <subfield code="4">0</subfield>
    <subfield code="6">34941479220941332320258847922_&#x10DC;86</subfield>
    <subfield code="7">0</subfield>
    <subfield code="9">93596</subfield>
    <subfield code="a">CPL</subfield>
    <subfield code="b">CPL</subfield>
    <subfield code="c">GEN</subfield>
    <subfield code="d">2023-02-02</subfield>
    <subfield code="g">5.00</subfield>
    <subfield code="o">349.41(479.22)(094.1)+332.32.025.88(479.22) &#x10DC;-86</subfield>
    <subfield code="p">63621</subfield>
    <subfield code="r">2023-02-02</subfield>
    <subfield code="t">63621</subfield>
    <subfield code="w">2023-02-02</subfield>
    <subfield code="y">BK</subfield>
    <subfield code="z">5 &#x10DA;.</subfield>
  </datafield>
</record>
